000 01037nac a22002777a 4500
001 BR6005675
003 BR-BrBNA
005 20250210151809.0
008 230509b bl.|||m| |||| 00| 0 por d
040 _aBR-BrBNA
_bpor
_cBiblioteca Nacional de Agricultura
072 _aH10
090 _a4020 BR6005675
100 1 _aSilva, J.B. de M. e
110 1 _aDepartamento Nacional da Producao Vegetal, Rio de Janeiro, GB (Brasil). Div. de Defesa Sanitaria Vegetal;
110 1 _aServico de Informacao Agricola, Rio de Janeiro, GB (Brasil)
245 1 _aO gafanhoto entropidacris cristata (L)no norte de Minas [Minas Gerais; Brasil]
260 3 _aRio de Janeiro, GB (Brasil):
_c1939.
300 _a6 p.
490 _aSIA (Brazil)
_vno. 89
500 _aReprint of "Boletim do Ministerio da Agricultura" v. 27, Jul/Dec 1938
650 _aPraga de planta
650 _aGafanhoto
650 _aMinas Gerais
856 _uhttps://repositorio-dspace.agricultura.gov.br/bitstream/1/5906/1/1939%20SIA%20089.pdf
942 _2AGRIS
_n0
_cMS
999 _c262077
_d262077